000 00812nam a2200229Ia 4500
008 220216s9999 xx 000 0 und d
100 _aGupta C.
245 0 _aShade as an agro-management practice in Hevea seedling nursery in the North Eastern region
260 _bFirst International Agronomy Congress on Agronomy, Environment and Food Security for 21st Century, 23-27 November 1998, Indian Society of Agronomy (IARI) and ICAR, Vigyan Bhavan, New Delhi, India, pp. 592-593.
_c1998
650 _aBudding
650 _aCrop management
650 _aIrrigation
650 _aNorth East India
650 _aPartial shade
650 _aSeedling
700 _aKrishnakumar A.K.
700 _aMeenattoor J.R.
700 _aPothen J.
700 _aPotty S.N.
700 _aSethuraj M.R.
942 _cBS
999 _c51560
_d51560